| 000 | 00515nam a2200169Ia 4500 | ||
|---|---|---|---|
| 008 | 230917s9999||||xx |||||||||||||| ||und|| | ||
| 020 | _cRS225 | ||
| 040 |
_e231598 _aMAIN |
||
| 041 | _aEnglish | ||
| 082 | _a891.433721 GR959S | ||
| 100 | _aगुप्ता, रमणिका | ||
| 245 | 0 | _aसीता मौसी | |
| 260 |
_aदिल्ली _bशिल्पायन प्रकाशन _c2010 |
||
| 300 | _a175 पृ. p. | ||
| 500 | _a2262 01/02/2016 KB15/298 17/02/2016 Hindi UGC | ||
| 942 | _cBK | ||
| 999 |
_c17607 _d17607 |
||